| 000 | 01227cam a22003493a 4500 | ||
|---|---|---|---|
| 001 | 31128 | ||
| 003 | PGUSA | ||
| 005 | 20140828083655.0 | ||
| 008 | 100130s2010||||xxu|||||s|||||000 1 eng d | ||
| 040 |
_aPGUSA _beng |
||
| 042 | _adc | ||
| 050 | 4 | _aPZ | |
| 100 | 1 |
_aHenty, G. A. _q(George Alfred), _d1832-1902 |
|
| 245 | 1 | 0 |
_aFacing Death; Or, The Hero of the Vaughan Pit : _bA Tale of the Coal Mines _h[electronic resource] / _cG. A. Henty |
| 260 |
_bProject Gutenberg, _c2010 |
||
| 506 | _aPublic domain in the USA. | ||
| 516 | _aElectronic text | ||
| 653 | _aYouth and death -- Juvenile fiction | ||
| 653 | _aCoal miners -- England -- Juvenile fiction | ||
| 653 | _aMine accidents -- Juvenile fiction | ||
| 653 | _aYouth -- Conduct of life -- Juvenile fiction | ||
| 653 | _aRiots -- Juvenile fiction | ||
| 653 | _aCourtship -- Juvenile fiction | ||
| 653 | _aFriendship -- Juvenile fiction | ||
| 653 | _aRescues -- Juvenile fiction | ||
| 653 | _aCoal mines and mining -- Great Britain -- Juvenile fiction | ||
| 653 | _aConduct of life -- Juvenile fiction | ||
| 700 | 1 |
_aBrowne, Gordon, _d1858-1932 |
|
| 830 | 0 |
_aProject Gutenberg _v31128 |
|
| 856 | 4 | 0 | _uhttp://www.gutenberg.org/ebooks/31128 |
| 942 | _cEB | ||
| 999 |
_c260383 _d260383 |
||